| 000 | 00477nam a2200193 a 4500 | ||
|---|---|---|---|
| 001 | 1767274135593 | ||
| 003 | ACL | ||
| 005 | 20260101190102.0 | ||
| 008 | 260101s2009##################000#0#eng## | ||
| 020 | _a9780600619369 | ||
| 082 | 0 | 4 |
_a641.5945 _bFIL |
| 100 | 1 |
_aFilippelli, Marina, _eauthor. |
|
| 245 | 1 | 0 | _a200 Italian Favourites : |
| 260 |
_bHamlyn (UK), _c2009. |
||
| 300 | _a240 pages | ||
| 650 | 0 | _aCooking, Italian. | |
| 942 | _cENGLISH | ||
| 040 |
_aACL _beng _cACL |
||
| 999 |
_c606554 _d606554 |
||